000
00329nam a2200157Ia 4500
100
_a
Wright/ Stevens
490
_v
2
942
_c
BK
654
_a
TCP/IP
245
_a
TCP/IP Illustrated Vol 2
260
_b
ADDISON WESLEY
_a
Reading
_c
1994
082
_a
4.62
_b
WRI/STE
300
_a
1174
546
_a
ENGLISH
999
_c
31080
_d
31080